000 01370nam a22003617a 4500
003 CHAP
005 20220329143623.0
008 101018s2008 mx r 00010 spa d
010 _a99448
011 _a100420
035 _a111106
040 _cCHAP
090 _aTesis
100 1 _aRangel Cuevas, Juan de Dios
_994588
245 1 0 _aEvaluación de dos cantidades de un probiótico adicionadas a un alimento balanceado, utilizado para la engorda de una parvada de pavos americanos de la línea Holland (Meleagris gallopavo)
_c/por Juan de Dios Rangel Cuevas
260 _aCocula, Gro. :
_bEl autor,
_c2008
300 _aiv, 77 h. :
_bilus., cuadros, gráfs.
502 _aTesis (Ing. Agr. Zootecnista) -- CSAEGRO. Centro de Estudios Profesionales
590 _aALEPH
_b10
_c20130110
_lUCH01
_h1536
590 _aBATCH-UPD
_b10
_c20130110
_lUCH01
_h0933
590 _aBATCH-UPD
_b10
_c20130410
_lUCH01
_h0551
590 _aBATCH-UPD
_b10
_c20130914
_lUCH01
_h0231
590 _aCONVERSION
_b10
_c20130109
_lUCH01
_h1355
650 1 4 _aAlimentos balanceados.
_94301
650 1 4 _aEvaluación.
_938913
650 1 4 _aPavos
_xAlimentación.
_986301
650 1 4 _aPavos
_xEngorda.
_986306
650 1 4 _aPavos
_xRazas.
_986310
650 1 4 _aProbióticos.
_991693
901 _aBK
942 _cTESIS
949 _aTesis
_bBC
_cTES
_d33724002109504
_eTS1
_gDonaciØn
_h51142
_i111106
_sb
999 _c99448
_d99448